| 000 | 00635nam a2200193 a 4500 | ||
|---|---|---|---|
| 001 | 000985470 | ||
| 003 | AM-YeHGA | ||
| 005 | 20250617150251.0 | ||
| 008 | 131004s1962 ||| r 000 0 rus d | ||
| 040 | _aAM-YeHGA | ||
| 041 | 1 |
_arus _hhun |
|
| 100 | 1 | _aМолнар, Геза | |
| 245 | 1 | 0 |
_aМарта : _bРоман / _cГеза Молнар; Пер. с венг. Э. Керекеш, И. Миронец. |
| 260 |
_aМосква : _bИзд-во иностр. лит., _c1962. |
||
| 300 | _a527 с. | ||
| 650 | 1 | 4 | _aВенгерская литература |
| 700 | 1 |
_aКерекеш, Эльза _eпер. _4trl |
|
| 090 | _c329324 | ||
| 999 |
_c327572 _d327572 |
||